000 00812nas a2200265 4500
001 BR9000373
003 BR-BrBNA
005 20231205091802.0
007 ta
008 230509b bl.|||p| |||| 00| 00por d
040 _aBR-BrBNA
_bpor
_cBiblioteca Nacional de Agricultura
041 _a(Pt)
072 _aH10
100 1 _aLorenzato, D.
245 1 _aControle biologico de acaros fitofagos na cultura da macieira no municipio de Farroupilha, RS [Rio Grande do Sul]
650 _aMACA
650 _aACARO
650 _aCONTROLE BIOLOGICO
650 _aPREDADOR
650 _aDEFESA VEGETAL
650 _aRIO GRANDE DO SUL
773 0 _tAgronomia Sulriograndense (Brazil)
_xISSN 0400-8111
_g(1987), v. 23(2) p. 167-183
_wBR9000373
909 _a202311
_bLúcia
_c55
_dLúcia Elande
942 _2AGRIS
_n0
_cANA
999 _c127324
_d127324